Heavy quark physics / (Record no. 51354)

MARC details
000 -LEADER
fixed length control field 00552nam a2200217Ia 4500
005 - DATE AND TIME OF LATEST TRANSACTION
control field 20260429111913.0
008 - FIXED-LENGTH DATA ELEMENTS--GENERAL INFORMATION
fixed length control field 260429s9999||||xx |||||||||||||| ||und||
020 ## - INTERNATIONAL STANDARD BOOK NUMBER
International Standard Book Number 9789391502805
041 ## - LANGUAGE CODE
Language English
082 ## - DEWEY DECIMAL CLASSIFICATION NUMBER
Classification number 539.72167
Item number BAL
100 ## - MAIN ENTRY--PERSONAL NAME
Personal name Daynan, Ball
245 #0 - TITLE STATEMENT
Title Heavy quark physics /
Statement of responsibility, etc Ball Daynan
260 ## - PUBLICATION, DISTRIBUTION, ETC. (IMPRINT)
Place of publication, distribution, etc Pune :
Name of publisher, distributor, etc Knowledge Bakers,
Date of publication, distribution, etc 2025.
300 ## - PHYSICAL DESCRIPTION
Extent viii, 191 p.; hb
650 ## - SUBJECT ADDED ENTRY--TOPICAL TERM
Topical term or geographic name as entry element Atomic physics
650 ## - SUBJECT ADDED ENTRY--TOPICAL TERM
Topical term or geographic name as entry element Nuclear physics
650 ## - SUBJECT ADDED ENTRY--TOPICAL TERM
Topical term or geographic name as entry element Quarks
650 ## - SUBJECT ADDED ENTRY--TOPICAL TERM
Topical term or geographic name as entry element Physics
700 ## - ADDED ENTRY--PERSONAL NAME
Personal name Harris, Isabella
942 ## - ADDED ENTRY ELEMENTS (KOHA)
Koha item type Text Books
Holdings
Withdrawn status Lost status Damaged status Not for loan Collection code Home library Location Shelving location Date of Cataloging Source of acquisition Total Checkouts Full call number Barcode Date last seen Price effective from Koha item type
        Non-fiction CUTN Central Library CUTN Central Library Sciences 29/04/2026 Shanti Books, Chennai - Invoice No. 3100 on 09-02-2026   539.72167 BAL 56302 29/04/2026 29/04/2026 Text Books